Biblioteca

Kathryn Kuhlman : (Registro nro. 35995)

Detalles MARC
000 -LÍDER
Campo fijo de descripción fija 01582cam a2200325 i 4500
001 - NÚMERO DE CONTROL
Campo de control 768714001
003 - IDENTIFICADOR DEL NÚMERO DE CONTROL
Campo de control CO-MdFUSB
005 - FECHA Y HORA DE LA ULTIMA TRANSACCIÓN
control field 20250528095459.0
007 - CAMPO FIJO DE DESCRIPCIÓN FIJA--INFORMACIÓN GENERAL
Campo fijo de descripción fija ta
008 - ELEMENTOS DE LONGITUD FIJA -- INFORMACIÓN GENERAL
Campo fijo de descripción fija -- Información general 230615t1995 -sp||||| |||| 00| | spa d
020 ## - NÚMERO INTERNACIONAL NORMALIZADO PARA LIBROS
Número Internacional Normalizado del libro 1-56036-780-3
040 ## - FUENTE DE CATALOGACIÓN
Idioma de catalogación spa.
Agencia de catalogación original CO-MdFUSB
Agencia que realiza la transcripción CO-MdFUSB
Agencia que realiza la modificación CO-MdFUSBC
Convenciones de la descripción rda
041 ## - CÓDIGO DE IDIOMA
Código de idioma para texto/pista de sonido o título separado spa
082 04 - NÚMERO DE CLASIFICACIÓN DECIMAL DEWEY
Número de la edición del Dewey 23
Número de clasificación G 248.4
Clave de autor-Numero de item W279k
100 1# - ASIENTO PRINCIPAL--NOMBRE PERSONAL
Nombre personal Warner, Wayne E.
Término relacionador autor
240 ## - TITULO UNIFORME
Título uniforme <a href="Kathryn Kuhlman : the woman behind the miracles">Kathryn Kuhlman : the woman behind the miracles</a>
245 10 - TÍTULO
Título del Material Kathryn Kuhlman :
Parte restante del título - Subtitulo la mujer detrás de los milagros
Mención de responsabilidad, etc. / Wayne E. Warner ; traducido por Héctor Aguilar
264 #1 - PRODUCCIÓN, PUBLICACIÓN, DISTRIBUCIÓN, MANUFACTURA, Y COPYRIGHT
Lugar de producción, publicación, distribución, manufactura Miami, FL., USA :
Nombre del productor, publicador, distribuidor Unilit,
Fecha de producción, publicación, distribución, manufactura, o copyright [1995]
264 #4 - PRODUCCIÓN, PUBLICACIÓN, DISTRIBUCIÓN, MANUFACTURA, Y COPYRIGHT
Fecha de producción, publicación, distribución, manufactura, o copyright ©1995
300 ## - DESCRIPCIÓN FÍSICA
Extensión 314 páginas
Dimensiones ; 23 cm
336 ## - TIPO DE CONTENIDO
Término de tipo de contenido texto
Código de tipo de contenido txt
Fuente rdacontent
337 ## - TIPO DE MEDIO
Fuente rdamedia
Nombre del tipo de medio sin mediación
Código del tipo de medio n
338 ## - TIPO DE SOPORTE
Fuente rdacarrier
Nombre del tipo de soporte volumen
Código Tipo de soporte nc
505 ## - NOTA DE CONTENIDO
Nota de contenido con formato preestablecido El primer paso hacia un ministerio de sanidad -- el entrenamiento en el oeste. Un secreto bien guardado -- creciendo en la ciudad de la armonía -- Kathryn en el pulpito -- En Denver, desde las montañas hasta los valles -- fuera de curso con el señor Waltrip -- dando la medida vuelta en un callejón sin salida -- con el rumbo correcto, en Franklin -- No me llamen una sanadora por fe -- una base amistosa en Pittsburgh -- los críticos lanzan sus mejores argumentos -- el amor es alfo que se hace -- tocando vidas en todo lugar -- hacia casa -- la gente de concordia recuerda a Kathryn Johanna Kuhlman
563 ## - NOTA DE ENCUADERNACIÓN
Nota de encuadernación Rustico
650 #0 - ASIENTO SECUNDARIO DE MATERIA - TERMINO TEMÁTICO
Término temático o nombre geográfico como elemento de entrada Evangelización
9 (RLIN) 362
700 ## - ASIENTO SECUNDARIO - NOMBRE PERSONAL
9 (RLIN) 5368
Nombre personal Aguilar, Hector C.
Responsabilidad traductor
942 ## - TIPO DE MATERIAL (KOHA)
Tipo de Item KOHA Libros General
945 ## - INFORMACIÓN LOCAL DEL REGISTRO
Catalogador Mag1104
Existencias
Estado de Material Estado de Perdido Estado de Dañado No para Préstamo Colección Tomo Biblioteca de Origen Biblioteca Permanente Fecha de Adquisición Total de Préstamos Signatura Topográfica Código de Barras Última vez visto Ejemplar/Existencia Fecha de Remplazo Tipo de Material
        Colección General   Biblioteca FUSBC Biblioteca FUSBC 16/12/2004   G 248.4 W279k 26193 12/12/2019 Ej. 1 26/01/2016 Libros General

Biblioteca FUSBC | Teléfono: (57+4) 349 88 10 Ext. 141| WhatsApp (+57) 3005338115 
E-mail: biblioteca@unisbc.edu.co | Calle 76 87-14 Robledo Palenque, Medellín, Colombia

Con tecnología Koha